000 00587nam a22001695i 4500
001 152501
003 ES-MaACL
005 20230906204755.0
008 051017s1865 fr a | |||||||| ||fre d
040 _aCAM
_bspa
_cCAM
100 0 _aBoué, Germaine.
_930863
245 1 4 _aLes squares de Paris
_b: le parc de Monceaux /
_cpar Germaine Boué.
260 _aParis :
_bChez tous les libraires,
_c1865 (
_fTyp. Hennuyer et fils)
300 _a16 p. :
_bil. ;
_c25 cm.
610 2 4 _aParc de Monceaux (Paris)
_9134744
852 _aES-MaACL
_jFol-Laf-191
_z-- Rust.
_z-- Legado M. de la Fuente
999 _c152501
_d152501